10 Most populous cities in 5 most populous countries in Europe - Statistics

General Stats
  • This quiz has been taken 32 times
  • The average score is 40 of 50
Answer Stats
Population Answer % Correct
3.520.000 Berlin
100%
984.000 Birmingham
100%
864.000 Liverpool
100%
7.556.000 London
100%
516.000 Lyon
100%
863.000 Marseille
100%
12.678.000 Moscow
100%
1.450.000 Munich
100%
2.187.000 Paris
100%
1.787.000 Hamburg
97%
1.242.000 Milan
97%
2.617.000 Rome
97%
5.398.000 St. Petersburg
97%
962.000 Naples
93%
732.000 Frankfurt am Main
90%
232.000 Lille
90%
617.000 Bristol
87%
1.060.000 Cologne
87%
358.000 Florence
87%
455.000 Leeds
87%
340.000 Nice
87%
685.000 Sheffield
87%
872.000 Turin
87%
254.000 Bordeaux
83%
591.000 Glasgow
83%
623.000 Stuttgart
83%
586.000 Genoa
80%
657.000 Palermo
80%
464.000 Edinburgh
77%
479.000 Toulouse
77%
612.000 Düsseldorf
73%
1.494.000 Yekaterinburg
73%
586.000 Dortmund
70%
1.257.000 Kazan
70%
1.244.000 Nizhny Novgorod
70%
1.625.000 Novosibirsk
70%
280.000 Strasbourg
70%
315.000 Bari
67%
582.000 Essen
67%
560.000 Leipzig
67%
309.000 Nantes
67%
1.139.000 Omsk
63%
371.000 Bologna
60%
508.000 Leicester
60%
729.000 Nottingham
60%
1.137.000 Rostov-on-Don
60%
1.144.000 Samara
57%
293.000 Catania
53%
285.000 Montpellier
53%
1.187.000 Chelyabinsk
43%
No matching quizzes found
Score Distribution
Percent of People with Each Score
Percentile by Number Answered
Your Score History
You have not taken this quiz